| 000 -LEADER |
| fixed length control field |
00661nam a22002177a 4500 |
| 001 - CONTROL NUMBER |
| control field |
22688 |
| 003 - CONTROL NUMBER IDENTIFIER |
| control field |
BD-DhUAP |
| 005 - DATE AND TIME OF LATEST TRANSACTION |
| control field |
20250702182121.0 |
| 008 - FIXED-LENGTH DATA ELEMENTS--GENERAL INFORMATION |
| fixed length control field |
250702b2021 bg a|||| |||| 001 0 eng d |
| 020 ## - INTERNATIONAL STANDARD BOOK NUMBER |
| International Standard Book Number |
9789849016083 |
| 040 ## - CATALOGING SOURCE |
| Original cataloging agency |
BD-DhUAP |
| Language of cataloging |
eng |
| Transcribing agency |
BD-DhUAP |
| Modifying agency |
BD-DhUAP |
| 082 ## - DEWEY DECIMAL CLASSIFICATION NUMBER |
| Edition number |
23 |
| Classification number |
745.5095492 FOL |
| 245 ## - TITLE STATEMENT |
| Title |
Folk Art of Bangladesh : |
| Remainder of title |
a tale of inheritance / |
| Statement of responsibility, etc. |
Firoz Mahmud , |
| 260 ## - PUBLICATION, DISTRIBUTION, ETC. |
| Place of publication, distribution, etc. |
Dhaka : |
| Name of publisher, distributor, etc. |
Nymphea Publication, |
| Date of publication, distribution, etc. |
c 2021. |
| 300 ## - PHYSICAL DESCRIPTION |
| Extent |
282 pages : |
| Other physical details |
illustrations ; |
| Dimensions |
23 cm. |
| 501 ## - WITH NOTE |
| With note |
Include Index. |
| 650 ## - SUBJECT ADDED ENTRY--TOPICAL TERM |
| Topical term or geographic name entry element |
Folk art |
| Geographic subdivision |
Bangladesh. |
| 650 ## - SUBJECT ADDED ENTRY--TOPICAL TERM |
| Topical term or geographic name entry element |
Folk art |
| Form subdivision |
tell of inheritance |
| 700 ## - ADDED ENTRY--PERSONAL NAME |
| Personal name |
Firoz Mahmud |
| Relator term |
editor |
| 942 ## - ADDED ENTRY ELEMENTS (KOHA) |
| Source of classification or shelving scheme |
|
| Koha item type |
Book |